000 00569nam a2200205Ii 4500
003 JO-AjNU
008 230606s9999||||xx |||||||||||||| ||und||
020 _a978-1-1189
040 _aJO-AjNU
_beng
_erda
_cJO-AjNU
041 _aeng
050 1 4 _aQA372.G725.2012
100 3 _aGreenberg,Michael d,
_eauthor
_94373
245 0 0 _aOrdinary Differntial Equations
264 3 1 _aWiley,2012
300 _a198p
336 _atext
_btxt
_2rdacontent
337 _aunmediated
_bn
_2rdamedia
338 _avolume
_bnc
_2rdacarrier
650 4 _a Differential equations 
_94374
999 _aE2272
_c2270
_d2270